Sports Quiz

Random Sports or Football Quiz
Score 0/54 Timer 07:00
0 Plays Today
Team Quarterback % Correct
New England PatriotsTom Brady
99.3%
Denver BroncosPeyton Manning
99.3%
New York GiantsEli Manning
98.5%
Miami DolphinsRyan Tannehill
96.2%
Kansas City ChiefsAlex Smith
95.6%
Dallas CowboysTony Romo
95.5%
New York JetsGeno Smith
95.3%
Green Bay PackersAaron Rodgers
94.6%
Cincinnati BengalsAndy Dalton
94.5%
Atlanta FalconsMatt Ryan
93.9%
New Orleans SaintsDrew Brees
93.7%
Carolina PanthersCam Newton
93.4%
Chicago BearsJay Cutler
93.3%
Detroit LionsMatthew Stafford
92.7%
Baltimore RavensJoe Flacco
92.4%
Seattle SeahawksRussell Wilson
92.4%
Arizona CardinalsCarson Palmer
92.3%
Washington RedskinsRobert Griffin
92%
Indianapolis ColtsAndrew Luck
91.8%
Pittsburgh SteelersBen Roethlisberger
91.5%
Minnesota VikingsTeddy Bridgewater
90.8%
San Diego ChargersPhilip Rivers
90.7%
Cleveland BrownsJohnny Manziel
90.2%
Oakland RaidersDerek Carr
89.6%
Philadelphia EaglesNick Foles
89.3%
Jacksonville JaguarsBlake Bortles
89.1%
Buffalo BillsEJ Manuel
88.8%
Team Quarterback % Correct
San Francisco 49ersColin Kaepernick
88.8%
Washington RedskinsKirk Cousins
88.2%
Philadelphia EaglesMark Sanchez
87.7%
Houston TexansRyan Fitzpatrick
86.9%
Cleveland BrownsBrian Hoyer
83.1%
Tampa Bay BuccaneersJosh McCown
81.9%
Minnesota VikingsMatt Cassel
74.7%
New York JetsMichael Vick
73.4%
Dallas CowboysBrandon Weeden
71.1%
Tennessee TitansZach Mettenberger
69.9%
Chicago BearsJimmy Clausen
64.5%
Houston TexansCase Keenum
63.6%
Washington RedskinsColt McCoy
63.6%
St. Louis RamsAustin Davis
62.8%
Buffalo BillsKyle Orton
59.4%
Jacksonville JaguarsChad Henne
59.3%
Arizona CardinalsDrew Stanton
59%
Tennessee TitansJake Locker
58.2%
Carolina PanthersDerek Anderson
56.9%
Houston TexansRyan Mallett
56.5%
Minnesota VikingsChristian Ponder
54.3%
Tampa Bay BuccaneersMike Glennon
52.8%
Arizona CardinalsRyan Lindley
52.1%
Kansas City ChiefsChase Daniel
46.1%
Tennessee TitansCharlie Whitehurst
45.1%
St. Louis RamsShaun Hill
43.4%
Cleveland BrownsConnor Shaw
25.1%
Remove Ads.
Support Sporcle.
Get the best of Sporcle when you Go Orange. This ad-free experience offers more features, more stats, and more fun while also helping to support Sporcle. Thank you for becoming a member.

You're not logged in!

Compare scores with friends on all Sporcle quizzes.
OR
Log In

Show Comments

Extras

Top Quizzes Today


Score Distribution

Your Account Isn't Verified!

In order to create a playlist on Sporcle, you need to verify the email address you used during registration. Go to your Sporcle Settings to finish the process.

Report this User

Report this user for behavior that violates our Community Guidelines.

Details: